000 00712nam a22002297a 4500
999 _c3009
_d3009
003 AR-CdUCM
008 190305b ||||| |||| 00| 0 spa d
040 _aMUNICIPALIDAD PROVINCIAL DEL CUSCO
_cBIBLIOTECA MUNICIPAL DEL CUSCO
082 _a869.56 /
_bG19
100 _aGálvez, José
_9225
245 _aUna novela limeña /
260 _aLima :
_bUniversidad Nacional Mayor de San Marcos,
_c1967.
300 _a112 páginas ;
_c21 cm.
650 _aNovelas peruanas
_9545
650 _aSiglo XX
_98
650 _aLiteratura
_983
700 _aIgnacio A. Brandariz
_910263
700 _aJuan de Zavaleta
_910264
700 _aprólogo de Luis Alberto Sánchez
_910265
942 _2ddc
_cLIBROS
945 _admma